000 01835nam a2200289Ia 4500
999 _c55161
_d55161
001 22236
003 GE_BSU
005 20230116171822.0
008 181216s2017||||ge |||||||||||||| ||geo||
020 _a9789941136320
040 _cGE_BSU
041 _ageo
080 _a930.1 რ-72
245 _aროგორ დავწეროთ ისტორია :
_bშესავალი დისციპლინის ისტორიასა და პრაქტიკაში /
_cრედაქტორები : პიტერ ლამბერტი, ფილიპ სკოფილდი ; მთარგმნელები : მარიამ ჩხარტიშვილი, სოფიო ქადაგიშვილი, ზურაბ თარგამაძე.; შესავალი წერილი, თარგმანის საერთო რედაქცია, კომენტარები მარიამ ჩხარტიშვილისა.
264 _aთბილისი :
_bთსუ-ს გამომცემლობა,
_c2017.
300 _a432 გვ. ;
_c 24 სმ.
541 _h20 ლ.
653 _aისტორია
653 _aგანათლება
653 _aთარგმანის თეორია
653 _aროგორ დავწეროთ ისტორია
700 _aლამბერტი, პიტერ
_eრედაქტორი
_916696
700 _aჩხარტიშვილი, მარიამ
_eმთარგმნელი
_913522
700 _aქადაგიშვილი, სოფიო
_eმთარგმნელი
_916697
700 _aთარგამაძე, ზურაბ
_eმთარგმნელი
_913523
942 _cBK
_2udc